Statistics for Island Countries with a Map

Click here to take the quiz!

General Stats

  • This quiz has been taken 80 times
  • The average score is 191 of 196

Answers on the Map

Answers color-coded by a green-red scale on the quiz's map according to % correct below.
 

Answer Stats

country% Correct
Afghanistan
100%
Albania
100%
Algeria
100%
Andorra
100%
Angola
100%
Argentina
100%
Armenia
100%
Austria
100%
Azerbaijan
100%
Bangladesh
100%
Belarus
100%
Belgium
100%
Belize
100%
Benin
100%
Bhutan
100%
Bolivia
100%
Bosnia and
Herzegovina
100%
Botswana
100%
Brazil
100%
Bulgaria
100%
Burkina Faso
100%
Burundi
100%
Cambodia
100%
Cameroon
100%
Canada
100%
Central African Republic
100%
Chad
100%
Chile
100%
China
100%
Colombia
100%
Congo
100%
Costa Rica
100%
Côte d'Ivoire
100%
Croatia
100%
Czechia
100%
Democratic Republic
of the Congo
100%
Denmark
100%
Djibouti
100%
Ecuador
100%
Egypt
100%
El Salvador
100%
Equatorial Guinea
100%
Eritrea
100%
Estonia
100%
Eswatini
100%
Ethiopia
100%
Finland
100%
France
100%
Gabon
100%
Gambia
100%
Georgia
100%
Germany
100%
Ghana
100%
Greece
100%
Guatemala
100%
Guinea
100%
Guinea-Bissau
100%
Guyana
100%
Honduras
100%
Hungary
100%
India
100%
Iran
100%
Iraq
100%
Israel
100%
Italy
100%
Jordan
100%
Kazakhstan
100%
Kenya
100%
Kosovo
100%
Kuwait
100%
Kyrgyzstan
100%
Laos
100%
Latvia
100%
Lebanon
100%
Lesotho
100%
Liberia
100%
Libya
100%
Liechtenstein
100%
Lithuania
100%
Luxembourg
100%
Malawi
100%
Malaysia
100%
Mali
100%
Mauritania
100%
Mexico
100%
Moldova
100%
Monaco
100%
Mongolia
100%
Montenegro
100%
Morocco
100%
Mozambique
100%
Myanmar
100%
Namibia
100%
Nepal
100%
Netherlands
100%
Nicaragua
100%
Niger
100%
Nigeria
100%
North Korea
100%
North Macedonia
100%
Norway
100%
Oman
100%
Pakistan
100%
Panama
100%
Paraguay
100%
Peru
100%
Poland
100%
Portugal
100%
Qatar
100%
Romania
100%
Russia
100%
Rwanda
100%
San Marino
100%
Saudi Arabia
100%
Senegal
100%
Serbia
100%
Sierra Leone
100%
Slovakia
100%
Slovenia
100%
Somalia
100%
South Africa
100%
South Korea
100%
South Sudan
100%
Spain
100%
Sudan
100%
Suriname
100%
Sweden
100%
Switzerland
100%
Syria
100%
Tajikistan
100%
Tanzania
100%
Thailand
100%
Togo
100%
Tunisia
100%
Turkey
100%
Turkmenistan
100%
Uganda
100%
Ukraine
100%
United Arab Emirates
100%
United States
100%
Uruguay
100%
Uzbekistan
100%
Vatican City
100%
Venezuela
100%
Vietnam
100%
Yemen
100%
Zambia
100%
Zimbabwe
100%
Australia
99%
New Zealand
97%
Iceland
96%
Ireland
96%
Japan
96%
Madagascar
96%
Philippines
96%
United Kingdom
96%
Bahamas
94%
Cuba
94%
Indonesia
94%
Jamaica
94%
Papua New Guinea
94%
Dominica
93%
Haiti
93%
Maldives
93%
Seychelles
93%
Sri Lanka
93%
Taiwan
93%
Cabo Verde
92%
Comoros
92%
Dominican Republic
92%
Fiji
92%
Mauritius
92%
São Tomé and Príncipe
92%
Palau
90%
Solomon Islands
90%
Tonga
90%
Trinidad and Tobago
90%
Antigua and Barbuda
89%
Kiribati
89%
Marshall Islands
89%
Nauru
89%
Saint Kitts and Nevis
89%
Samoa
89%
Tuvalu
89%
Vanuatu
89%
Barbados
87%
Cyprus
87%
Micronesia
87%
Saint Vincent and the
Grenadines
87%
Malta
85%
Saint Lucia
85%
Timor-Leste
82%
Grenada
80%
Brunei
76%
Singapore
73%
Bahrain
65%

Score Distribution

Percentile by Number Answered

Percent of People with Each Score

Your Score History

You have not taken this quiz